[Event "Landesliga Sued 1415"]
[Site "Bayern"]
[Date "2015.01.18"]
[Round "5.2"]
[White "Hoefelsauer, Thomas"]
[Black "Zill, Christoph"]
[Result "1/2-1/2"]
[WhiteElo "2297"]
[BlackElo "2175"]
[PlyCount "62"]
[EventDate "2014.10.19"]
[EventType "team-tourn"]
[EventRounds "9"]
[EventCountry "GER"]
[SourceTitle "EXT 2018"]
[Source "ChessBase"]
[SourceDate "2017.10.13"]
[SourceVersion "1"]
[SourceVersionDate "2017.10.13"]
[SourceQuality "1"]
[WhiteTeam "Muenchen Suedost"]
[BlackTeam "Freising"]
[WhiteTeamCountry "GER"]
[BlackTeamCountry "GER"]

1. Nf3 f5 2. d4 Nf6 3. g3 d6 4. Bg2 g6 5. 0-0 Bg7 6. b3 0-0 7. Bb2 Qe8 8. c4 Na6 9. Nbd2 c6 10. a3 Ne4 11. Qc2 Nxd2 12. Nxd2 e5 13. dxe5 dxe5 14. c5 Be6 15. Nc4 Bxc4 16. Qxc4+ Qf7 17. Qc2 Rad8 18. Rad1 Nc7 19. b4 a6 20. e3 e4 21. Bxg7 Kxg7 22. Rd2 Rxd2 23. Qxd2 Ne6 24. Rd1 Rd8 25. Qc1 Rxd1+ 26. Qxd1 Qe7 27. Bf1 Qd8 28. Qa1+ Qf6 29. Qd1 Qd8 30. Qa1+ Qf6 31. Qd1 Qd8 1/2-1/2

[Event "Landesliga Sued 1415"]
[Site "Bayern"]
[Date "2014.11.23"]
[Round "3.2"]
[White "Pilz, Dieter"]
[Black "Zill, Christoph"]
[Result "1/2-1/2"]
[WhiteElo "2142"]
[BlackElo "2175"]
[PlyCount "30"]
[EventDate "2014.10.19"]
[EventType "team-tourn"]
[EventRounds "9"]
[EventCountry "GER"]
[SourceTitle "EXT 2018"]
[Source "ChessBase"]
[SourceDate "2017.10.13"]
[SourceVersion "1"]
[SourceVersionDate "2017.10.13"]
[SourceQuality "1"]
[WhiteTeam "Weilheim"]
[BlackTeam "Freising"]
[WhiteTeamCountry "GER"]
[BlackTeamCountry "GER"]

1. e4 e6 2. d4 d5 3. Nc3 dxe4 4. Nxe4 Bd7 5. Nf3 Bc6 6. Bd3 Nd7 7. 0-0 Ngf6 8. Bg5 Be7 9. Nxf6+ Bxf6 10. Be3 0-0 11. c3 Re8 12. Re1 Bxf3 13. Qxf3 c6 14. Rad1 Qa5 15. a3 Nf8 1/2-1/2

[Event "Bayern-ch"]
[Site "Rosenheim"]
[Date "2014.08.28"]
[Round "8"]
[White "Zill, Christoph"]
[Black "Schmid, Roland1111"]
[Result "0-1"]
[WhiteElo "2182"]
[BlackElo "2252"]
[PlyCount "74"]
[EventDate "2014.08.23"]
[EventType "swiss"]
[EventRounds "9"]
[EventCountry "GER"]
[SourceTitle "EXT 2015"]
[Source "ChessBase"]
[SourceDate "2014.11.20"]
[SourceVersion "1"]
[SourceVersionDate "2014.11.20"]
[SourceQuality "1"]

1. e4 d6 2. d4 Nf6 3. Nc3 e5 4. dxe5 dxe5 5. Qxd8+ Kxd8 6. Nf3 Bd6 7. h3 Nbd7 8. Bc4 Rf8 9. Be3 a6 10. a4 Bb4 11. 0-0-0 Ke8 12. Nd5 Bd6 13. Nd2 Nxd5 14. Bxd5 Bc5 15. Rhe1 c6 16. Bb3 b5 17. Nf3 f6 18. Rd3 Bxe3+ 19. Rdxe3 Ke7 20. Rd1 Bb7 21. h4 Rad8 22. h5 Nc5 23. Nh4 Bc8 24. Nf5+ Bxf5 25. exf5 Rxd1+ 26. Kxd1 Rd8+ 27. Ke2 bxa4 28. Bc4 h6 29. f4 Rd4 30. Bxa6 Nxa6 31. fxe5 fxe5 32. Rxe5+ Kf7 33. Ra5 Nb8 34. Ra7+ Kf6 35. Rb7 Nd7 36. c3 Rd5 37. Rb4 Rb5 0-1

[Event "Bayern-ch"]
[Site "Rosenheim"]
[Date "2014.08.25"]
[Round "4"]
[White "Zill, Christoph"]
[Black "Stadler, Alexander"]
[Result "1-0"]
[WhiteElo "2182"]
[BlackElo "2109"]
[PlyCount "113"]
[EventDate "2014.08.23"]
[EventType "swiss"]
[EventRounds "9"]
[EventCountry "GER"]
[SourceTitle "EXT 2015"]
[Source "ChessBase"]
[SourceDate "2014.11.20"]
[SourceVersion "1"]
[SourceVersionDate "2014.11.20"]
[SourceQuality "1"]

1. e4 d6 2. Nc3 Nf6 3. Nf3 e5 4. h3 Be7 5. d4 exd4 6. Nxd4 0-0 7. Bd3 c5 8. Nf3 Re8 9. 0-0 Nc6 10. Re1 Ne5 11. Nxe5 dxe5 12. Bg5 Be6 13. Bxf6 Bxf6 14. Qe2 Bg5 15. Rad1 Qf6 16. Bc4 Qh6 17. Bxe6 fxe6 18. Rd6 Rf8 19. Red1 Bh4 20. f3 g5 21. g4 Qf6 22. Nd5 Qxf3 23. Ne7+ Kg7 24. Qxf3 Rxf3 25. Rxe6 Kf7 26. Rxe5 Rg3+ 27. Kh2 Kf6 28. Nf5 Rxh3+ 29. Kxh3 Kxe5 30. Rd5+ Kxe4 31. Rxc5 Bf2 32. Nd6+ Kf3 33. Rxg5 Rd8 34. Rf5+ Ke2 35. Rf6 Bd4 36. Re6+ Kd1 37. c3 Bc5 38. Nxb7 Rd3+ 39. Kg2 Bb6 40. Rd6 Rxd6 41. Nxd6 Kc2 42. Nc4 Kb1 43. a4 Bc7 44. Kf3 Kc2 45. Ke4 Kb3 46. Kd3 Bh2 47. a5 Bg1 48. a6 h6 49. Nd6 Bc5 50. Nf5 Bf8 51. c4 Kb4 52. Kd4 Ka5 53. c5 Kxa6 54. Nd6 Bg7+ 55. Kd5 Bxb2 56. c6 Kb6 57. Nc4+ 1-0

[Event "Oberbayern-ch"]
[Site "Rosenheim"]
[Date "2014.06.01"]
[Round "7.3"]
[White "Zill, Christoph"]
[Black "Schulz, Michael"]
[Result "1/2-1/2"]
[WhiteElo "2176"]
[BlackElo "2123"]
[PlyCount "35"]
[EventDate "2014.05.29"]
[EventType "swiss"]
[EventRounds "7"]
[EventCountry "GER"]
[SourceTitle "EXT 2022"]
[Source "ChessBase"]
[SourceDate "2021.10.06"]
[SourceVersion "1"]
[SourceVersionDate "2021.10.06"]
[SourceQuality "1"]

1. e4 c5 2. Nf3 Nc6 3. d4 cxd4 4. Nxd4 g6 5. Be2 Bg7 6. Nb3 Nf6 7. Nc3 0-0 8. Bg5 a5 9. a4 d5 10. exd5 Nb4 11. Bf3 Bf5 12. Rc1 Qb6 13. Be3 Nxc2+ 14. Qxc2 Bxc2 15. Bxb6 Bxb3 16. 0-0 Nd7 17. Be3 Ne5 18. Be2 1/2-1/2

[Event "Oberbayern-ch"]
[Site "Rosenheim"]
[Date "2014.05.29"]
[Round "1.3"]
[White "Zill, Christoph"]
[Black "Kretschel, Klaus"]
[Result "1-0"]
[WhiteElo "2176"]
[BlackElo "2012"]
[PlyCount "109"]
[EventDate "2014.05.29"]
[EventType "swiss"]
[EventRounds "7"]
[EventCountry "GER"]
[SourceTitle "EXT 2022"]
[Source "ChessBase"]
[SourceDate "2021.10.06"]
[SourceVersion "1"]
[SourceVersionDate "2021.10.06"]
[SourceQuality "1"]

1. e4 e5 2. Nf3 Nc6 3. Bc4 Bc5 4. b4 Bxb4 5. c3 Ba5 6. d4 d6 7. Qb3 Qd7 8. dxe5 Bb6 9. Nbd2 Na5 10. Qc2 Nxc4 11. Nxc4 dxe5 12. Nfxe5 Qe6 13. Qa4+ Bd7 14. Nxd7 Qxd7 15. Nxb6 cxb6 16. Qb4 Ne7 17. Ba3 Nc6 18. Qb5 0-0-0 19. 0-0 Rhe8 20. f3 Re5 21. Qe2 f5 22. Rad1 Qe6 23. Rxd8+ Nxd8 24. Qd3 Nf7 25. exf5 Rxf5 26. Rd1 Re5 27. Kf1 g6 28. Bc1 Qc6 29. Be3 Re8 30. Bd4 Nd6 31. Bxb6 Qxb6 32. Qxd6 Qxd6 33. Rxd6 Re3 34. c4 Rc3 35. Rd4 Rc1+ 36. Ke2 Rc2+ 37. Rd2 Rxc4 38. Ke3 Kc7 39. f4 b5 40. g4 Rc1 41. f5 gxf5 42. gxf5 Rf1 43. Ke4 b4 44. Ke5 a5 45. Ke6 a4 46. f6 b3 47. axb3 axb3 48. f7 h5 49. Rb2 Re1+ 50. Kf6 Rf1+ 51. Ke7 Re1+ 52. Kf8 h4 53. Rxb3 Kd7 54. Rb6 Re2 55. Kg7 1-0

[Event "Landesliga Sued 1314"]
[Site "Bayern"]
[Date "2014.04.06"]
[Round "9.2"]
[White "Heiduczek, Josef"]
[Black "Zill, Christoph"]
[Result "1/2-1/2"]
[WhiteElo "2160"]
[BlackElo "2182"]
[PlyCount "102"]
[EventDate "2013.10.13"]
[EventType "team-tourn"]
[EventRounds "9"]
[EventCountry "GER"]
[SourceTitle "EXT 2015"]
[Source "ChessBase"]
[SourceDate "2014.11.20"]
[SourceVersion "1"]
[SourceVersionDate "2014.11.20"]
[SourceQuality "1"]
[WhiteTeam "Rottal"]
[BlackTeam "Freising"]
[WhiteTeamCountry "GER"]
[BlackTeamCountry "GER"]

1. e4 e6 2. d4 d5 3. exd5 exd5 4. c4 Nf6 5. Nc3 Be7 6. Bd3 dxc4 7. Bxc4 0-0 8. Nge2 c6 9. 0-0 Nbd7 10. Ng3 Nb6 11. Bd3 g6 12. Re1 Be6 13. Bc2 Qc7 14. Bg5 Nbd5 15. Bb3 Rad8 16. Rc1 Rfe8 17. Bxf6 Nxc3 18. bxc3 Bxf6 19. Bxe6 Rxe6 20. Rxe6 fxe6 21. Qb3 Kf7 22. Re1 Rd5 23. Ne4 b6 24. Re3 Qd7 25. Rh3 h5 26. Rf3 Rf5 27. Rxf5 gxf5 28. Nxf6 Kxf6 29. Qd1 Kg6 30. Qf3 Qd6 31. h4 c5 32. Qe3 f4 33. Qe4+ Kh6 34. Kf1 cxd4 35. cxd4 Kg7 36. Ke2 Kf6 37. Qh7 Qd5 38. Qh6+ Ke7 39. Qxf4 Qxa2+ 40. Kf1 Qb1+ 41. Ke2 Qc2+ 42. Ke1 Qc3+ 43. Ke2 Qc4+ 44. Ke1 a5 45. Qg5+ Kd7 46. Qxh5 Qxd4 47. Qf7+ Kd6 48. h5 Qe4+ 49. Kd2 Qd4+ 50. Ke2 Qe4+ 51. Kd2 Qd4+ 1/2-1/2